[Event "53rd Groningen Open 2015"]
[Site "Groningen NED"]
[Date "2015.12.21"]
[Round "1.1"]
[White "Theulings, Paul-Peter"]
[Black "Van Foreest, Jorden"]
[Result "0-1"]
[WhiteTitle "CM"]
[BlackTitle "IM"]
[WhiteElo "2182"]
[BlackElo "2547"]
[WhiteFideId "1002899"]
[BlackFideId "1039784"]
[EventDate "2015.12.21"]

1. Nf3 g6 2. c4 Bg7 3. d4 Nf6 4. g3 O-O 5. Bg2 d6 6. Nc3 Nc6 7. O-O a6 8. Bf4 h6
9. h3 Rb8 10. Rc1 g5 11. Be3 g4 12. hxg4 Nxg4 13. Qd2 Nxe3 14. Qxe3 e5 15. dxe5
Re8 16. Rfd1 Nxe5 17. Nxe5 Rxe5 18. Qa7 Be6 19. Bxb7 h5 20. Rd4 c5 21. Rd2 Qc7
22. Qxa6 Qxb7 23. Qxb7 Rxb7 24. b3 h4 25. gxh4 Bh6 26. e3 Rxe3 27. Rxd6 Rh3 28.
Rc2 Bf5 29. Re2 Kg7 30. Na4 Bg4 31. Kg2 Bf4 32. Re4 Rh2+ 33. Kg1 Bf3 34. Rxf4
Rh1# 0-1

[Event "53rd Groningen Open 2015"]
[Site "Groningen NED"]
[Date "2015.12.21"]
[Round "1.2"]
[White "Werle, Jan"]
[Black "Heemskerk, Wim"]
[Result "1-0"]
[WhiteTitle "GM"]
[BlackTitle "FM"]
[WhiteElo "2542"]
[BlackElo "2181"]
[WhiteFideId "1006088"]
[BlackFideId "1001000"]
[EventDate "2015.12.21"]

1. d4 e6 2. c4 d5 3. Nc3 Nf6 4. Bg5 Be7 5. cxd5 exd5 6. e3 Nbd7 7. Bd3 h6 8. Bh4
O-O 9. Nf3 b6 10. Bxf6 Nxf6 11. Ne5 Bd6 12. f4 a6 13. O-O c5 14. Qf3 b5 15. Nxd5
Nxd5 16. Qxd5 Be6 17. Qf3 cxd4 18. Nc6 Qd7 19. f5 Bc4 20. Bxc4 bxc4 21. exd4
Rac8 22. d5 Qb7 23. b3 Qb5 24. Rae1 Rc7 25. Kh1 cxb3 26. axb3 Rb7 27. Re3 Qc5
28. f6 g6 29. Qe4 Rb5 30. Rd1 Qb6 31. Qd3 Qc7 32. Rh3 Bf4 33. Ne7+ Kh7 34. d6
Qd7 35. Qd4 Bg5 36. Rf3 h5 37. h4 Bh6 38. Rc3 Rb7 39. Qe4 a5 40. Rd4 Qb5 41. Kh2
Rd7 42. Rg3 Kh8 43. Rd5 Qf1 44. Rf3 Qc1 45. Qc4 Rfd8 46. Nc6 1-0

[Event "53rd Groningen Open 2015"]
[Site "Groningen NED"]
[Date "2015.12.21"]
[Round "1.3"]
[White "Ernst, Michael"]
[Black "Boruchovsky, Avital"]
[Result "0-1"]
[BlackTitle "GM"]
[WhiteElo "2177"]
[BlackElo "2540"]
[WhiteFideId "1618393"]
[BlackFideId "2800055"]
[EventDate "2015.12.21"]

1. d4 Nf6 2. Bf4 d5 3. e3 c5 4. c3 Nc6 5. Nd2 Qb6 6. Qb3 c4 7. Qc2 Nh5 8. Bg5 h6
9. Bh4 g5 10. Be2 Ng7 11. Bg3 Bf5 12. e4 Bh7 13. h4 e6 14. hxg5 hxg5 15. Ngf3
Bxe4 16. Nxe4 Rxh1+ 17. Kd2 Rxa1 18. Nf6+ Kd8 19. Nxg5 Rxa2 20. Nxf7+ Kc8 0-1

[Event "53rd Groningen Open 2015"]
[Site "Groningen NED"]
[Date "2015.12.21"]
[Round "1.4"]
[White "Pruijssers, Roeland"]
[Black "Yaaqoub, Rashid"]
[Result "0-1"]
[WhiteTitle "GM"]
[BlackTitle "FM"]
[WhiteElo "2489"]
[BlackElo "2175"]
[WhiteFideId "1013068"]
[BlackFideId "12200336"]
[EventDate "2015.12.21"]

1. e4 e5 2. Nf3 Nc6 3. Bb5 a6 4. Ba4 Nf6 5. O-O b5 6. Bb3 Nxe4 7. d4 d5 8. dxe5
Be6 9. Be3 Be7 10. Nbd2 Nc5 11. c3 Nd3 12. Qb1 Ndxe5 13. Nxe5 Nxe5 14. Bd4 Qd6
15. f4 Nc6 16. Bxg7 Rg8 17. Qxh7 O-O-O 18. a4 b4 19. f5 Bd7 20. f6 Qc5+ 21. Kh1
Bd6 22. Qd3 Be6 23. Qxa6+ Kd7 24. cxb4 Qe3 25. Rfc1 Nd4 26. a5 Rc8 27. Ba4+ Kd8
28. Nf1 Qf2 29. Qd3 Ne2 30. Qe3 Qxe3 31. Nxe3 Nxc1 32. Rxc1 Bxb4 33. Rd1 c6 34.
a6 Kc7 35. Bc2 Bc5 36. Nf5 Rb8 37. b3 Rb6 38. h4 Rb4 39. g3 Bxf5 40. Bxf5 Rxb3
41. h5 Rf3 42. Bd3 Rxg3 43. h6 Rh3+ 44. Kg2 Rxh6 45. Kf3 Rh4 0-1

[Event "53rd Groningen Open 2015"]
[Site "Groningen NED"]
[Date "2015.12.21"]
[Round "1.5"]
[White "Hagesather, Ellen"]
[Black "Kasparov, Sergey"]
[Result "0-1"]
[WhiteTitle "WIM"]
[BlackTitle "GM"]
[WhiteElo "2172"]
[BlackElo "2485"]
[WhiteFideId "1501909"]
[BlackFideId "13500481"]
[EventDate "2015.12.21"]

1. e4 d5 2. exd5 Qxd5 3. Nc3 Qd6 4. d4 Nf6 5. Nf3 c6 6. h3 Bf5 7. Be3 e6 8. Nh4
Bg6 9. Nxg6 hxg6 10. Be2 Nbd7 11. Qd2 Qc7 12. Bf4 Bd6 13. Bxd6 Qxd6 14. Qe3
O-O-O 15. O-O-O Nb6 16. g3 Nbd5 17. Nxd5 exd5 18. Bf3 Rhe8 19. Qd2 Ne4 20. Bxe4
Rxe4 21. Rde1 Qf6 22. Rxe4 dxe4 23. Rd1 Qe6 24. Qa5 a6 25. h4 Rd5 26. Qe1 Rf5
27. b3 Rf3 28. Rd2 f5 29. Re2 Qf6 30. Re3 Qxd4 31. Rxf3 exf3 32. Qe6+ Kc7 33.
Qxg6 Qxf2 34. Qxf5 Qe1+ 35. Kb2 Qxg3 36. Qa5+ Kd7 37. Qf5+ Ke7 38. Qc5+ Ke6 39.
Qc4+ Kf6 40. Qg8 Qe5+ 41. c3 Kf5 42. Qf7+ Kg4 43. Qxb7 f2 44. Qxa6 Qb5 45. Qc8+
Qf5 0-1

[Event "53rd Groningen Open 2015"]
[Site "Groningen NED"]
[Date "2015.12.21"]
[Round "1.6"]
[White "Shyam, Sundar M."]
[Black "Amesz, Jaap"]
[Result "1-0"]
[WhiteTitle "GM"]
[WhiteElo "2485"]
[BlackElo "2166"]
[WhiteFideId "5019141"]
[BlackFideId "1007106"]
[EventDate "2015.12.21"]

1. e4 d6 2. d4 Nf6 3. Nc3 e5 4. Nf3 Nbd7 5. Bc4 Be7 6. O-O O-O 7. a4 h6 8. a5 c6
9. Re1 Qc7 10. h3 Re8 11. d5 cxd5 12. Bxd5 Nc5 13. Be3 Be6 14. b4 Ncxe4 15. Bxe4
Qxc3 16. Bxb7 Rab8 17. a6 Qxb4 18. Rb1 Qa3 19. Qd2 Qa4 20. Ra1 Qd7 21. Reb1 e4
22. Bxa7 Ra8 23. Bxa8 Qxa7 24. Bc6 exf3 25. Bxe8 Nxe8 26. Rb7 Qa8 27. Rxe7 fxg2
28. Rxe8+ Qxe8 29. a7 Qa8 30. Qxd6 Kh7 31. Qb8 Qf3 32. a8=Q Qxh3 33. Qh8+ Kg6
34. Qxg2+ Qg4 35. Qxg4+ Bxg4 36. Ra6+ Be6 37. c4 Kf6 38. c5 Kg6 39. c6 Kf6 40.
c7 Ke7 41. Qd8# 1-0

[Event "53rd Groningen Open 2015"]
[Site "Groningen NED"]
[Date "2015.12.21"]
[Round "1.7"]
[White "Gerlagh, Joris"]
[Black "Andersen, Alf R."]
[Result "1-0"]
[WhiteElo "2159"]
[BlackElo "2163"]
[WhiteFideId "1038834"]
[BlackFideId "1503120"]
[EventDate "2015.12.21"]

1. d4 f5 2. Nf3 Nf6 3. g3 g6 4. Bg2 Bg7 5. b4 O-O 6. Bb2 Nc6 7. a3 d5 8. Nbd2
Ne4 9. O-O e6 10. Rc1 b5 11. Ne5 Nxe5 12. dxe5 Nxd2 13. Qxd2 c5 14. bxc5 Qc7 15.
a4 Bd7 16. axb5 Bxb5 17. c4 Bxc4 18. Rxc4 dxc4 19. Bxa8 Rxa8 20. Qd4 Kf7 21.
Qxc4 Bxe5 22. Bxe5 Qxe5 23. Rd1 Kg8 24. c6 Rc8 25. Rd7 a5 26. Qh4 h5 27. Qe7
Qa1+ 28. Kg2 1-0

[Event "53rd Groningen Open 2015"]
[Site "Groningen NED"]
[Date "2015.12.21"]
[Round "1.8"]
[White "Petrov, Nikita"]
[Black "Kasparova, Tatiana"]
[Result "1-0"]
[WhiteTitle "IM"]
[BlackTitle "WIM"]
[WhiteElo "2456"]
[BlackElo "2158"]
[WhiteFideId "4101286"]
[BlackFideId "13501453"]
[EventDate "2015.12.21"]

1. Nf3 Nf6 2. g3 g6 3. Bg2 Bg7 4. O-O O-O 5. d4 d5 6. c3 c6 7. Nbd2 Bf5 8. Nh4
Be6 9. Re1 Nbd7 10. e4 dxe4 11. Nxe4 Nxe4 12. Bxe4 Nf6 13. Bg2 Qd7 14. Nf3 Rad8
15. Bg5 Rfe8 16. Qa4 a6 17. Re2 h6 18. Bd2 Nd5 19. Rae1 Nb6 20. Qc2 Bf5 21. Qb3
Nd5 22. Ne5 Qc8 23. c4 Nf6 24. d5 cxd5 25. cxd5 Bc2 26. Qa3 Bf5 27. Rc1 Qb8 28.
Qb3 Ng4 29. Nc4 g5 30. Rce1 Rd7 31. Qf3 e6 32. Qxf5 Bf8 1-0

[Event "53rd Groningen Open 2015"]
[Site "Groningen NED"]
[Date "2015.12.21"]
[Round "1.9"]
[White "Kalaiyalahan, Akshaya"]
[Black "Golubov, Saveliy"]
[Result "0-1"]
[BlackTitle "IM"]
[WhiteElo "2157"]
[BlackElo "2452"]
[WhiteFideId "422894"]
[BlackFideId "24176729"]
[EventDate "2015.12.21"]

1. d4 Nf6 2. Nf3 g6 3. g3 Bg7 4. Bg2 O-O 5. c4 d6 6. Nc3 Nc6 7. O-O Bd7 8. d5
Na5 9. Qd3 c5 10. e4 a6 11. Nd2 b5 12. h3 Nh5 13. Kh2 Qb6 14. f4 bxc4 15. Nxc4
Nxc4 16. Qxc4 Qb4 17. Qd3 Bd4 18. g4 Nf6 19. Bd2 Rfb8 20. Rab1 Qb6 21. Qf3 Bb5
22. Rfe1 Nd7 23. b3 Nf8 24. h4 e6 25. dxe6 fxe6 26. f5 Ra7 27. Ne2 Be5+ 28. Bf4
Bxe2 29. Rxe2 Nd7 30. Bh3 c4 31. Rf1 cxb3 32. fxe6 Bxf4+ 33. Qxf4 Ne5 34. axb3
Qxb3 35. g5 Rc7 36. Re3 Qa2+ 37. Kh1 Re7 38. Qf6 Rbe8 39. Rf2 Qa1+ 40. Kg2 Qd4
41. Ree2 Qc4 42. Kh2 a5 43. h5 gxh5 44. Bf5 Qd3 45. Kg2 h4 46. Rd2 Qg3+ 47. Kf1
a4 48. Rg2 Qf3+ 49. Rgf2 Qh1+ 50. Ke2 Qg1 51. Rxd6 Ng4 52. Bxg4 Qxg4+ 53. Kd2
Rxe6 54. Qf7+ Kh8 55. Rxe6 Qxe6 56. Qf6+ Kg8 57. g6 hxg6 58. Qxh4 Qxe4 59. Qg5
Qd4+ 0-1

[Event "53rd Groningen Open 2015"]
[Site "Groningen NED"]
[Date "2015.12.21"]
[Round "1.10"]
[White "Lobzhanidze, Davit"]
[Black "Dehn, Marcus"]
[Result "1-0"]
[WhiteTitle "IM"]
[WhiteElo "2425"]
[BlackElo "2152"]
[WhiteFideId "13600796"]
[BlackFideId "4667093"]
[EventDate "2015.12.21"]

1. e4 c6 2. d4 d5 3. e5 a6 4. c4 g6 5. h3 Bg7 6. Nf3 Nh6 7. Nc3 O-O 8. Be2 b5 9.
c5 f6 10. exf6 exf6 11. Bf4 Nf7 12. Qd2 Nd7 13. g4 Re8 14. O-O-O Nf8 15. Be3 Qa5
16. Bd3 Ra7 17. Kb1 Rae7 18. Nxd5 Qb6 1-0

[Event "53rd Groningen Open 2015"]
[Site "Groningen NED"]
[Date "2015.12.21"]
[Round "1.11"]
[White "Bollen, Guus"]
[Black "Esserman, Marc"]
[Result "1/2-1/2"]
[BlackTitle "IM"]
[WhiteElo "2135"]
[BlackElo "2411"]
[WhiteFideId "1027883"]
[BlackFideId "2018616"]
[EventDate "2015.12.21"]

1. e4 c5 2. d4 cxd4 3. c3 dxc3 4. Nxc3 Nc6 5. Nf3 d6 6. Bc4 e6 7. O-O Be7 8. Qe2
Nf6 9. Rd1 e5 10. Be3 O-O 11. a3 Be6 12. Bb5 Ng4 13. Nd5 Bxd5 14. Rxd5 Nxe3 15.
Qxe3 Bf6 16. Rad1 Be7 17. Bxc6 bxc6 18. Rxe5 dxe5 19. Rxd8 Bxd8 20. Nxe5 Bb6 21.
Qf3 Rad8 22. Nc4 Rfe8 23. g3 Rd4 24. Qc3 Rdxe4 25. Nxb6 axb6 26. Qxc6 R4e6 27.
Qb5 Rd8 28. Qb4 g6 29. Kg2 Rd5 30. Qc4 Rc5 31. Qd3 h6 32. h3 Kh7 33. Qd2 Ree5
34. Qd7 Rf5 35. Qd6 b5 36. g4 Rfd5 37. Qf8 Rc7 38. Qb8 Rcd7 39. Qf8 Rd2 40. Qb4
R7d5 41. Qf8 Rd7 42. Qb4 Re2 43. Qxb5 Rdd2 44. Qb6 Rxb2 45. Qf6 Rb7 46. h4 Re6
47. Qf3 Ra7 48. h5 Rea6 49. hxg6+ fxg6 50. Qf8 Rxa3 51. f3 Ra2+ 52. Kg3 Rd7 53.
Kh3 Raa7 54. Kg3 Rf7 55. Qc5 Ra8 56. f4 Raf8 57. f5 gxf5 58. gxf5 Rxf5 59. Qc2
Kg7 60. Qc3+ R8f6 61. Qc7+ Kg6 62. Qc2 Re6 63. Kg4 h5+ 64. Kh4 Rf6 65. Qd3 Kh6
66. Qe3+ Rf4+ 67. Kg3 h4+ 68. Kh3 Kg5 69. Qe5+ R4f5 70. Qe3+ Rf4 71. Qe5+ Kh6
72. Qe3 Kh7 73. Qe7+ Rf7 74. Qe6 Rg7 75. Qe1 Rg3+ 76. Kh2 Rg7 77. Kh3 Rgf7 78.
Qe6 R4f6 79. Qe4+ Kg7 80. Qe5 Kf8 81. Qb8+ Kg7 82. Qe5 Kh7 83. Kxh4 Rg6 84. Qe4
Kg7 85. Qd4+ Kh7 86. Qe4 Kg7 87. Qd4+ Kg8 88. Qd5 Rg7 89. Kh5 Kh8 90. Qd8+ Kh7
91. Qd3+ Kg8 92. Qd5 Kh7 1/2-1/2

[Event "53rd Groningen Open 2015"]
[Site "Groningen NED"]
[Date "2015.12.21"]
[Round "1.12"]
[White "Kuipers, Stefan"]
[Black "Ratsma, Midas"]
[Result "1/2-1/2"]
[WhiteTitle "IM"]
[WhiteElo "2398"]
[BlackElo "2131"]
[WhiteFideId "1018400"]
[BlackFideId "1032283"]
[EventDate "2015.12.21"]

1. e4 e6 2. d3 d5 3. Nd2 Nc6 4. Ngf3 Nf6 5. g3 dxe4 6. dxe4 Bc5 7. Bg2 e5 8. O-O
O-O 9. Qe2 Qe7 10. c3 a5 11. a4 b6 12. Nc4 Ba6 13. b3 Ne8 14. Nh4 Qe6 15. Nf5
Nd6 16. Nfxd6 cxd6 17. Rd1 b5 18. axb5 Bxb5 19. Bf1 a4 20. Qa2 Qg4 21. Ne3 Bxe3
22. Bxe3 Bxf1 23. Kxf1 axb3 24. Qxa8 Qxd1+ 25. Rxd1 Rxa8 26. Rb1 Na5 27. Ke2 Kf8
28. Kd3 Rb8 29. Bc1 Ke7 30. Ba3 Nc6 31. Kc4 Ra8 32. Kxb3 Na5+ 33. Kc2 Ke6 34.
Kd3 Nc6 35. Bc1 g6 36. Rb6 Ne7 37. f4 Nc8 38. Rb7 exf4 39. Bxf4 Ra7 40. Rb8 Rc7
41. g4 f5 1/2-1/2

[Event "53rd Groningen Open 2015"]
[Site "Groningen NED"]
[Date "2015.12.21"]
[Round "1.13"]
[White "Boer, Alef"]
[Black "Soors, Stef"]
[Result "0-1"]
[BlackTitle "IM"]
[WhiteElo "2125"]
[BlackElo "2398"]
[WhiteFideId "1007122"]
[BlackFideId "209511"]
[EventDate "2015.12.21"]

1. c4 e5 2. g3 Nc6 3. Nc3 Bb4 4. Nd5 Bc5 5. Bg2 d6 6. a3 a5 7. d3 h6 8. e3 Nf6
9. b3 O-O 10. Bb2 Ba7 11. Rc1 Bf5 12. Ne2 Nxd5 13. cxd5 Ne7 14. O-O Qd7 15. Kh1
Rac8 16. e4 Bh3 17. f4 Bxg2+ 18. Kxg2 c6 19. fxe5 dxe5 20. dxc6 Nxc6 21. Qd2
Rcd8 22. Rcd1 f5 23. Nc3 fxe4 24. Rxf8+ Rxf8 25. Nxe4 Qf7 26. b4 Qf3+ 27. Kh3
Rf5 0-1

[Event "53rd Groningen Open 2015"]
[Site "Groningen NED"]
[Date "2015.12.21"]
[Round "1.14"]
[White "Kerigan, Demre"]
[Black "Vogel, Jaap"]
[Result "1-0"]
[WhiteTitle "IM"]
[BlackTitle "FM"]
[WhiteElo "2374"]
[BlackElo "2121"]
[WhiteFideId "6307841"]
[BlackFideId "1000764"]
[EventDate "2015.12.21"]

1. e4 e6 2. d4 d5 3. Nd2 Nf6 4. e5 Nfd7 5. Bd3 c5 6. c3 Nc6 7. Ne2 cxd4 8. cxd4
f6 9. exf6 Nxf6 10. Nf3 Bd6 11. O-O Qc7 12. Nc3 a6 13. Bg5 O-O 14. Bh4 Bd7 15.
Rc1 Qb6 16. Na4 Qa5 17. Nc5 Bxc5 18. Rxc5 Qxa2 19. Ne5 Be8 20. Nxc6 Bxc6 21.
Bxf6 Rxf6 22. Qc2 h6 23. Qc3 a5 24. Bc2 a4 25. Rb1 Raf8 26. Qd3 Rf5 27. f3 R8f6
28. Qd1 Rf4 29. Qc1 1-0

[Event "53rd Groningen Open 2015"]
[Site "Groningen NED"]
[Date "2015.12.21"]
[Round "1.15"]
[White "Halfhide, Sebastian"]
[Black "Brink, Barry"]
[Result "0-1"]
[WhiteElo "2119"]
[BlackElo "2360"]
[WhiteFideId "1045946"]
[BlackFideId "1009451"]
[EventDate "2015.12.21"]

1. e4 c5 2. Nf3 e6 3. d4 cxd4 4. Nxd4 Nc6 5. Nc3 Qc7 6. Be3 Nf6 7. Be2 a6 8. O-O
Be7 9. f4 d6 10. Qe1 O-O 11. Qg3 Nxd4 12. Bxd4 b5 13. a3 Bb7 14. Bd3 Rad8 15.
Kh1 Rd7 16. Qh3 e5 17. Be3 Re8 18. Rf3 Bd8 19. fxe5 dxe5 20. Bg5 Rd6 21. Rg3 Kh8
22. Rf1 Qd7 23. Qh4 Ng8 24. Bxd8 Rxd8 25. Qh5 f6 26. Nd1 g6 27. Qh4 g5 28. Qh5
Bxe4 29. Bxe4 Rxd1 30. Rf3 Qg7 31. Rf2 Rxf1+ 32. Rxf1 Rd4 33. Qf3 g4 34. Qe2 Qg5
35. Rd1 Rxd1+ 36. Qxd1 Qf4 37. Bb7 a5 38. g3 Qf2 39. b4 axb4 40. axb4 f5 41. Bc6
Qe3 42. Qd3 Qe1+ 43. Kg2 Qxb4 44. Qxf5 Qd2+ 45. Kg1 Qd6 46. Be4 Nf6 47. Bd3 Kg7
48. Qg5+ Kf7 49. Qe3 b4 50. Kf2 Qd4 51. Bf5 Ke7 52. Ke2 Qxe3+ 53. Kxe3 Kd6 54.
Kd3 Kc5 55. Be6 e4+ 56. Ke3 Kd6 57. Bc8 Ke5 58. h3 gxh3 59. Bxh3 Nd5+ 60. Kd2
Kd4 61. Bf5 h6 62. Bg6 Ne3 63. Bf7 Nf1+ 64. Ke1 Nxg3 0-1

[Event "53rd Groningen Open 2015"]
[Site "Groningen NED"]
[Date "2015.12.21"]
[Round "1.16"]
[White "Berkovich, Mark A"]
[Black "Van Meegen, Ruud"]
[Result "1-0"]
[WhiteTitle "IM"]
[WhiteElo "2353"]
[BlackElo "2111"]
[WhiteFideId "2801639"]
[BlackFideId "1034995"]
[EventDate "2015.12.21"]

1. Nf3 c5 2. g3 g6 3. c4 Bg7 4. Nc3 Nc6 5. Bg2 b6 6. O-O Bb7 7. e3 Nf6 8. d4 O-O
9. d5 Na5 10. Nd2 Ne8 11. Qc2 f5 12. b3 e5 13. Bb2 Nd6 14. Ne2 Qe7 15. Rae1 Rae8
16. Bc3 Bc8 17. Qb2 Nab7 18. f4 e4 19. Bxg7 Qxg7 20. Qxg7+ Kxg7 21. Kf2 Nf7 22.
Rb1 Na5 23. Rfc1 Ba6 24. Bf1 Rc8 25. Nc3 Nd6 26. Be2 Kf6 27. g4 Rh8 28. Rg1 Rhg8
29. Rg3 Rg7 30. Rbg1 Rcg8 31. h4 Ne8 32. h5 Rf8 33. hxg6 hxg6 34. gxf5 gxf5 35.
Ndxe4+ fxe4 36. Nxe4+ Kf5 37. Bd3 Rxg3 38. Rxg3 Bb7 39. Rg5# 1-0

[Event "53rd Groningen Open 2015"]
[Site "Groningen NED"]
[Date "2015.12.21"]
[Round "1.17"]
[White "Sparenberg, Erik"]
[Black "Maris, Ivo"]
[Result "0-1"]
[BlackTitle "FM"]
[WhiteElo "2110"]
[BlackElo "2352"]
[WhiteFideId "1013262"]
[BlackFideId "1028146"]
[EventDate "2015.12.21"]

1. e4 c5 2. Nf3 e6 3. d4 cxd4 4. Nxd4 Nc6 5. Nc3 Qc7 6. Be3 a6 7. Be2 b5 8. O-O
Nf6 9. Nxc6 dxc6 10. Qd3 c5 11. f4 Bb7 12. Bf3 Rd8 13. Qe2 b4 14. Na4 Nxe4 15.
Qc4 Nd2 16. Bxd2 Rxd2 17. c3 Bd6 18. cxb4 Bxf3 19. Rxf3 cxb4 20. Qxc7 Bxc7 21.
Rc1 Kd7 22. Kf1 Rd8 23. Nc5+ Ke7 24. Nxe6 Kxe6 25. Rxc7 Rxb2 26. Re3+ Kf5 27.
Rxf7+ Kg6 28. Rfe7 Rd1+ 29. Re1 Rxe1+ 30. Rxe1 Rxa2 31. g4 b3 32. Rb1 b2 33. Ke2
a5 34. Kd2 a4 35. Kc2 a3 36. Rd1 Ra1 37. Rb1 a2 38. Rxb2 Rc1+ 0-1

[Event "53rd Groningen Open 2015"]
[Site "Groningen NED"]
[Date "2015.12.21"]
[Round "1.18"]
[White "Baskin, Robert"]
[Black "Pajeken, Jakob Leon"]
[Result "1-0"]
[WhiteTitle "FM"]
[WhiteElo "2351"]
[BlackElo "2101"]
[WhiteFideId "24662402"]
[BlackFideId "12942839"]
[EventDate "2015.12.21"]

1. e4 e5 2. Nf3 Nc6 3. Bb5 a6 4. Ba4 Nf6 5. O-O Be7 6. d3 d6 7. c3 O-O 8. Nbd2
Re8 9. Re1 Bf8 10. Nf1 b5 11. Bc2 Bb7 12. Ng3 Nb8 13. d4 exd4 14. cxd4 Nbd7 15.
b3 c5 16. Bb2 Qc7 17. Qd2 Rac8 18. Rac1 Qb8 19. Qf4 cxd4 20. Bxd4 Ne5 21. Nf5
Rxc2 22. Rxc2 Nd3 23. Nh6+ Kh8 24. Ng5 Bd5 25. Qh4 Nxe1 26. Bxf6 1-0

[Event "53rd Groningen Open 2015"]
[Site "Groningen NED"]
[Date "2015.12.21"]
[Round "1.19"]
[White "Vrolijk, Liam"]
[Black "Kevlishvili, Robby"]
[Result "1/2-1/2"]
[BlackTitle "FM"]
[WhiteElo "2094"]
[BlackElo "2351"]
[WhiteFideId "1048333"]
[BlackFideId "1040634"]
[EventDate "2015.12.21"]

1. d4 d5 2. c4 c6 3. Nf3 Nf6 4. Nc3 e6 5. e3 Nbd7 6. Qc2 b6 7. Bd3 Bb7 8. O-O
Be7 9. b3 Rc8 10. Bb2 O-O 11. Rad1 Qc7 12. Rfe1 Rfd8 13. Ne5 dxc4 14. bxc4 g6
15. Nxd7 Rxd7 16. e4 Rxd4 17. e5 Ng4 18. Bxg6 Rf4 19. Bxh7+ Kh8 20. Re2 f5 21.
exf6 Rxf2 22. Rxf2 Qxh2+ 23. Kf1 Ne3+ 24. Ke2 Nxc2 25. Bxc2 Bc5 26. Ne4 Bxf2 27.
f7+ e5 28. Rh1 Qxh1 29. Bxe5+ Kh7 30. Nxf2+ Kh6 31. Nxh1 Rf8 32. Bf4+ Kg7 33.
Ng3 Kxf7 34. Ne4 c5 35. Bd2 Ke7 36. g4 Bc8 37. Nf2 Be6 38. Bd3 Rb8 39. Bf4 Rg8
40. g5 Bf7 41. Ke3 a6 42. Ng4 Be6 43. Nh6 Rf8 44. Be5 b5 45. cxb5 axb5 46. g6
Bxa2 47. Bxb5 Be6 48. Bd3 c4 49. Bc2 Rf1 50. g7 Re1+ 51. Kd4 Rg1 52. Bh7 Rg2 53.
g8=Q Bxg8 54. Bxg8 Rg6 55. Nf5+ Kd7 56. Bxc4 Rg4+ 57. Kd5 Rxc4 58. Kxc4 Ke6 59.
Ng7+ Kxe5 1/2-1/2

[Event "53rd Groningen Open 2015"]
[Site "Groningen NED"]
[Date "2015.12.21"]
[Round "1.20"]
[White "De Jong, Migchiel"]
[Black "Keetman, Maaike"]
[Result "1-0"]
[WhiteTitle "IM"]
[WhiteElo "2336"]
[BlackElo "2087"]
[WhiteFideId "1002848"]
[BlackFideId "1033697"]
[EventDate "2015.12.21"]

1. Nf3 Nf6 2. c4 g6 3. Nc3 Bg7 4. e4 d6 5. d4 O-O 6. Be2 e5 7. d5 a5 8. Bg5 Na6
9. Nd2 Bd7 10. g4 Nc5 11. h4 Qc8 12. Rg1 h6 13. Be3 Nh7 14. Qc2 Kh8 15. O-O-O f5
16. h5 f4 17. Bxc5 dxc5 18. hxg6 Ng5 19. Nf3 Nh3 20. Rg2 Bxg4 21. d6 Ra6 22.
dxc7 Bxf3 23. Bxf3 Qxc7 24. Rh1 Ng5 25. Rxg5 1-0

[Event "53rd Groningen Open 2015"]
[Site "Groningen NED"]
[Date "2015.12.21"]
[Round "1.21"]
[White "Boersma, Jan"]
[Black "Wacker, Peter"]
[Result "0-1"]
[BlackTitle "FM"]
[WhiteElo "2083"]
[BlackElo "2335"]
[WhiteFideId "1003267"]
[BlackFideId "4615751"]
[EventDate "2015.12.21"]

1. e4 e5 2. Nc3 Nc6 3. Bc4 Bc5 4. d3 d6 5. Nge2 Nf6 6. h3 Be6 7. O-O d5 8. exd5
Nxd5 9. Ne4 Be7 10. N2g3 O-O 11. Qh5 g6 12. Qh6 f6 13. Bd2 Qd7 14. Bxd5 Bxd5 15.
Bc3 Qd8 16. f4 Bxe4 17. dxe4 exf4 18. Rxf4 Bc5+ 19. Kh1 Be3 20. Raf1 Qd6 21. e5
Bxf4 22. Rxf4 fxe5 23. Rg4 Qe7 24. h4 Kh8 25. Rxg6 Rf4 26. Qxf4 hxg6 27. h5 g5
28. Qg4 Rf8 29. Bd2 Nd4 30. Ne4 Ne6 31. Bc3 Kh7 32. Bxe5 Kh6 33. Ng3 Qf7 34. Qe4
c6 35. Bd6 Rh8 36. Kg1 Nf4 37. Bxf4 gxf4 38. Qe5 Rf8 39. Ne4 Qf5 40. Qd6+ Kxh5 0-1

[Event "53rd Groningen Open 2015"]
[Site "Groningen NED"]
[Date "2015.12.21"]
[Round "1.22"]
[White "Warmerdam, Max"]
[Black "Hommes, Elmar"]
[Result "1/2-1/2"]
[WhiteTitle "FM"]
[WhiteElo "2335"]
[BlackElo "2078"]
[WhiteFideId "1048104"]
[BlackFideId "1017136"]
[EventDate "2015.12.21"]

1. e4 e5 2. Nf3 Nc6 3. Bb5 a6 4. Ba4 Nf6 5. O-O b5 6. Bb3 Be7 7. d3 d6 8. a3 O-O
9. Nc3 Bg4 10. Be3 Nd4 11. Bxd4 exd4 12. Nd5 c5 13. h3 Be6 14. Nf4 Bxb3 15. cxb3
Re8 16. b4 Bf8 17. Re1 g6 18. Qb3 Bh6 19. Nd5 Rc8 20. Nxf6+ Qxf6 21. Qd5 Rc7 22.
e5 dxe5 23. Rxe5 Rd8 24. Qe4 c4 25. dxc4 Rxc4 26. Re8+ Kg7 27. Rxd8 Qxd8 28. Ne5
Rc1+ 29. Rxc1 Bxc1 30. Nd3 Bg5 31. Qc6 Qf6 32. Qxf6+ Kxf6 33. Kf1 Ke6 34. Ke2
Kd5 35. Kd1 Be7 36. Kc2 Bd6 37. Nc1 Ke4 38. Nb3 d3+ 39. Kd2 Bf4+ 40. Kd1 Kd5 41.
Nc5 Kc4 42. b3+ Kc3 43. a4 Be5 44. Nxa6 Kxb3 45. axb5 Bd4 46. Nb8 Kc4 47. f3
Kxb5 48. Kd2 Kc4 49. Nc6 Bc3+ 50. Ke3 f6 51. Na5+ Kd5 52. Kxd3 Bxb4 53. Nb3 Bd6
54. Nd4 Be5 55. Ne2 f5 1/2-1/2

[Event "53rd Groningen Open 2015"]
[Site "Groningen NED"]
[Date "2015.12.21"]
[Round "1.23"]
[White "Taal, Rieks"]
[Black "Beerdsen, Thomas"]
[Result "0-1"]
[BlackTitle "FM"]
[WhiteElo "2071"]
[BlackElo "2323"]
[WhiteFideId "1043978"]
[BlackFideId "1030108"]
[EventDate "2015.12.21"]

1. d4 Nf6 2. c4 c6 3. Nc3 d5 4. e3 g6 5. Nf3 Bg7 6. Bd3 O-O 7. O-O dxc4 8. Bxc4
Nbd7 9. Qc2 b5 10. Be2 Bb7 11. Rd1 Qb8 12. b4 a5 13. Ba3 Rc8 14. bxa5 c5 15.
dxc5 Nxc5 16. Bxc5 Rxc5 17. Qb3 Ng4 18. Rac1 Qc8 19. Nd4 Nf6 20. Rc2 Rg5 21. Bf3
Bxf3 22. Nxf3 Rxg2+ 23. Kxg2 Qg4+ 24. Kf1 Qxf3 25. Rd4 Ng4 26. Rxg4 Qxg4 27. Qd5
Rc8 28. Qd3 Qh3+ 29. Ke2 Qh5+ 30. Ke1 Qc5 31. Kd2 Qb4 32. a3 Qxa5 0-1